[Event "Hengelo U20 op"]
[Site "Hengelo"]
[Date "2005.08.13"]
[Round "9"]
[White "Van Wageningen, Lars"]
[Black "Groen, Robbert"]
[Result "1/2-1/2"]
[WhiteElo "1350"]
[BlackElo "1750"]
[PlyCount "87"]
[EventDate "2005.08.??"]
[EventType "swiss"]
[EventRounds "9"]
[EventCountry "NED"]
[SourceTitle "CBM 107 Extra"]
[Source "ChessBase"]
[SourceDate "2005.09.01"]
[SourceVersion "1"]
[SourceVersionDate "2005.09.01"]
[SourceQuality "1"]

1. e4 c6 2. Nc3 d5 3. d4 dxe4 4. Nxe4 Bf5 5. Ng3 Bg6 6. Be3 Nf6 7. c3 e6 8. Bd3 Bd6 9. Bxg6 hxg6 10. N1e2 Nbd7 11. Qc2 Qc7 12. 0-0-0 0-0 13. Ne4 Nxe4 14. Qxe4 Nf6 15. Qh4 b5 16. f3 a5 17. Bf4 Nd5 18. Bxd6 Qxd6 19. Qe4 b4 20. c4 Nf6 21. Qe5 Qd7 22. g4 Qb7 23. h4 Qa6 24. Rd2 Qxc4+ 25. Rc2 Qxa2 26. Kd2 Qb3 27. g5 Nh5 28. Qe4 Rac8 29. Rg1 c5 30. Nc1 Qd5 31. Qxd5 exd5 32. Rxc5 Rxc5 33. dxc5 Nf4 34. Nb3 a4 35. Nd4 a3 36. bxa3 bxa3 37. c6 Rc8 38. Nb5 Rxc6 39. Nxa3 Ne6 40. Nc2 Rc4 41. Rg4 d4 42. Re4 Ra4 43. Ne1 Ra2+ 44. Kd1 1/2-1/2

[Event "Hengelo U20 op"]
[Site "Hengelo"]
[Date "2005.08.12"]
[Round "7"]
[White "Van Wageningen, Lars"]
[Black "Van Lenthe, Bernard"]
[Result "1-0"]
[WhiteElo "1350"]
[BlackElo "1224"]
[PlyCount "121"]
[EventDate "2005.08.??"]
[EventType "swiss"]
[EventRounds "9"]
[EventCountry "NED"]
[SourceTitle "CBM 107 Extra"]
[Source "ChessBase"]
[SourceDate "2005.09.01"]
[SourceVersion "1"]
[SourceVersionDate "2005.09.01"]
[SourceQuality "1"]

1. e4 e5 2. Nf3 Nc6 3. Bc4 Bc5 4. c3 Qf6 5. d3 h6 6. Nbd2 d6 7. h3 Nge7 8. b4 Bb6 9. Bb3 0-0 10. Nc4 Be6 11. 0-0 d5 12. Nxb6 axb6 13. exd5 Bxd5 14. Bxd5 Nxd5 15. Bb2 Qg6 16. Nh2 f5 17. Qb3 Nce7 18. Bc1 Kh8 19. Nf3 e4 20. dxe4 fxe4 21. Nd4 Nf4 22. Bxf4 Rxf4 23. Kh2 Qd6 24. g3 Rf6 25. Rad1 Raf8 26. Qc2 e3 27. f4 c5 28. Nb3 Qc6 29. a3 Re6 30. Rfe1 Re8 31. c4 Ng8 32. bxc5 bxc5 33. Rd5 b6 34. Qd3 Nf6 35. Re5 Rxe5 36. fxe5 Rxe5 37. Rxe3 Rxe3 38. Qxe3 Qe4 39. Qxe4 Nxe4 40. Kg2 Nc3 41. Kf3 Nb1 42. a4 Na3 43. Nd2 Kg8 44. Ke4 Nc2 45. Kd5 Nd4 46. g4 Kf7 47. Kd6 Kf6 48. h4 g5 49. Ne4+ Kg6 50. h5+ Kf7 51. Kc7 Ke6 52. Kxb6 Ke5 53. Nxc5 Kf4 54. a5 Kxg4 55. a6 Kxh5 56. a7 g4 57. a8Q Nf3 58. Ne4 Kh4 59. Qh8 h5 60. c5 Ng5 61. Qf6 1-0